| 000 | 01014nam a22002537a 4500 | ||
|---|---|---|---|
| 999 |
_c22415 _d22415 |
||
| 003 | OSt | ||
| 005 | 20220608141614.0 | ||
| 008 | 220608b ||||| |||| 00| 0 spa d | ||
| 020 | _a9786123051273 | ||
| 040 | _cBiblioteca Municipal de Cusco | ||
| 082 |
_a985.004/P78 _bP78 |
||
| 100 | 1 |
_aPortocarrero Maisch, Gonzalo _eautor _913482 |
|
| 245 | 1 | 0 |
_aDesde lejos, lo cercano : _breflexiones sobre el Perú / _cGonzalo Portocarrero. |
| 250 | _aPrimera edición | ||
| 264 | 1 |
_aLima : _bPEISA, _c2018. |
|
| 300 |
_a458 páginas ; _c22 cm. |
||
| 500 | _aCompilación de artículos de Gonzalo Portocarrero publicados en la página editorial del diario El Comercio, entre enero de 2012 y agosto de 2017. | ||
| 650 | 0 |
_aDemocracia _zPeru _948087 |
|
| 650 | 0 |
_aRealidad peruana _vEnsayos, conferencias, etc. _ySiglo XXI _948088 |
|
| 650 | 0 |
_aProblemas sociales _zPerú _948089 |
|
| 651 |
_aPerú _xCondiciones sociales _ySiglo XXI _948090 |
||
| 651 |
_aPerú _xCondiciones económicas _ySiglo XXI _948091 |
||
| 942 |
_2ddc _cLIBROS |
||